00457 2200193 4500001002100000005001500021008004100036020002200077035001900099041000600118082000800124090001200132100001700144245002800161260002400189300002100213500000600234650002300240INLIS00000000000627120241224113247241224||||||||| | ||| |||| ||  a978-602-9397-05-5 0010-1224006271 a00 a813 a813 IND0 aIndah Hanaco00ajungkir balik dunia mel bBentang Beliac2012 avi,249 hlm:19 cm a1 0ajungkir blik dunia